Statistiken für Chaosflo44

Klicken Sie hier um das Quiz zu spielen!

Allgemein

  • Dieses Quiz wurde 8 mal gespielt
  • Das Durchschnittsergebnis liegt bei 2 aus 6

Antwortstatistiken

HintAntwort% Korrekt
Wie ist sein richtiger Name?Florian
100%
Wer war mit dabei in Fusionfall?Arazhul_HD
43%
Wer ist Flo`s jetziger Videopartner?Isy_Cheesy
14%
Welche PvP-Projekte hat Flo alle gewonnen?
(3 Projekte)
Meteor, König, Phantom
14%
Mit wem macht diese Person jetzt Videos?Mit LarsOderSo
14%
Was sind drei bekante Memes auf Flo´s Kanal?Gigachad, Yeet und Nyan Cat
0%

Verteilung der Resultate

Perzentil nach korrekt beantworteten Fragen

Anzahl Personen mit jedem Resultat

Ihre Resultats-Entwicklung

Sie haben dieses Quiz noch nicht gespielt